Guess Harry Potter Movie - Based on Title Credits - Statistics

General Stats
  • This quiz has been taken 49 times
  • The average score is 7 of 8
Answer Stats
Picture Answer % Correct
Harry Potter and the Chamber of Secrets
94%
Harry Potter and the Philosopher's Stone
92%
Harry Potter and the Prisoner of Azkaban
92%
Harry Potter and the Goblet of Fire
89%
Harry Potter and the Half-Blood Prince
89%
Harry Potter and the Order of the Phoenix
83%
Harry Potter and the Deathly Hallows Part 1
81%
Harry Potter and the Deathly Hallows Part 2
81%
No matching quizzes found
Score Distribution
Percent of People with Each Score
Percentile by Number Answered
Your Score History
You have not taken this quiz